000 00790nam a2200241Ia 4500
003 OSt
005 20220923220025.0
006 a|||||r|||| 00| 0
007 ta
008 220922b |||||||| |||| 00| 0 hin d
024 _a183,611
037 _cTextual
040 _aARTS
_cARTS
_bhin
041 _2hin
_ahin
082 _aO152,1NBHx, M0
100 _aभारद्वाज, चन्द्रकान्त
245 0 _aअमरण गीत
246 _aAmaraṇ gīta
260 _aनई दिल्ली
_b सुरूचि प्रकाशन
_c1980
650 _aहिन्दी साहित्य
_9156264
942 _hO152,1NBHx, M0
_cTEXL
_2CC
999 _c336931
_d336931